00776 a2200193 4500003000500000005001700005010001600022020002800038040000900066082001900075100002400094245009800118260005700216300002400273505017800297650002900475650003700504650004100541NUST20221214143109.0 a 96040283 a0201694662 (alk. paper) cNust00a306.850973,DOH1 aDoherty, William J.14aThe intentional family :bhow to build family ties in our modern world /cWilliam J. Doherty. aReading, Mass. :bAddison-Wesley Publishing,cc1997. ax, 221 p. ;c24 cm. aThe Intentional Family (Page-3), Family Rituals of Connection (Page-19), Family Rituals Celebration and Community (Page-83), Becoming A More International Family (Page-167). 0aFamilieszUnited States. 0aFamily festivalszUnited States. 0aRites and ceremonieszUnited States.